=LDR 00000nam 2200000 4500 =001 INLIS000000000034372 =005 20130612140301 =008 ***********************************ind** =035 ##$$0010-061300000034372 =041 ##$$a ind =082 ##$$a 628.13 =090 ##$$a 628.13, Kus m =100 ##$$a Kusmayadi, Andri =245 ##$$a Mengolah Air Bersih, Andri Kusmayadi =260 ##$$a 2008 $b Bogor =300 ##$$a 60 hlm, ilus, 20 cm =650 ##$$a Air-Air Bersih =850 ##$$a NBPNMAT =990 ##$$a 0001/BPAP-NTB/20142015 =990 ##$$a 21602373/BPAP-NTB/2017 =990 ##$$a 1259412594 =990 ##$$a 21008409 =990 ##$$a 0001/BPAP-NTB/20142015 =990 ##$$a 21602373/BPAP-NTB/2017